Le Corbeau et le Renard (La Fontaine) - Statistics

General Stats
  • This quiz has been taken 67 times
    66 since last reset
  • The average score is 12 of 18
Answer Stats
Hint Answer % Correct
Maître ________, sur un arbre ________, Corbeau perché
91%
Lui tint à peu près ce __________: langage
91%
Tenait en son ____ un _________ . bec fromage
87%
Se rapporte à votre ___________, plumage
87%
Sans mentir, si votre ___________ ramage
87%
Maître________, par l'odeur _________, Renard alléché
85%
Et pour montrer sa belle _______, voix
75%
Le Renard s'en saisit, et dit : "Mon bon _________, Monsieur
71%
Que vous êtes _______ ! Que vous me semblez _______ ! joli beau
67%
Il ouvre un _________ bec, laisse tomber sa ______. large proie
64%
Cette _______ vaut bien un _________, sans doute. " leçon fromage
62%
A ces _______ le Corbeau ne se sens pas de _______ ; mots joie
62%
Vous êtes le ___________ des _______ de ces bois." Phénix hôtes
58%
Jura, mais un peu _______, qu'on ne l'y _________ plus. tard prendrait
58%
Apprenez que tout ________ flatteur
51%
"Hé ! _________, Monsieur du ___________ . bonjour Corbeau
49%
Le _________, honteux et _________, Corbeau confus
45%
Vit aux __________ de celui qui ____________ : dépens l'écoute
27%
No matching quizzes found
Score Distribution
Percent of People with Each Score
Percentile by Number Answered
Your Score History
You have not taken this quiz since the last reset